Význam a úlohy podnikateľských inkubátorov v SR bakalárska práca

Saved in:
Bibliographic Details
Main Author: Strapáková, Katarína
Corporate Author: Fakulta podnikového manažmentu EU. Katedra podnikovohospodárska
Other Authors: Bukovová, Sylvia, 1959-
Format: Book
Language:Slovak
Published: Bratislava 2024
Tags: Add Tag
No Tags, Be the first to tag this record!

MARC

LEADER 00000nbm a2200000 4500
001 0302003
005 20250206093134.6
041 0 |a slo 
044 |a SK 
245 1 0 |a Význam a úlohy podnikateľských inkubátorov v SR  |b bakalárska práca  |c Katarína Strapáková ; školiteľ: Sylvia Bukovová 
264 1 |a Bratislava  |c 2024 
300 |a 59 s. 
100 1 |a Strapáková, Katarína 
700 1 |a Bukovová, Sylvia, 1959- 
710 2 |a Fakulta podnikového manažmentu EU. Katedra podnikovohospodárska